000 00839nam a2200229 i 4500
001 bg
100 1 _aMACEK-KAMIŃSKA, Krystyna
245 1 0 _aEstymacja parametrów modeli matematycznych silników indukcyjnych dwuklatkowych i głębokożłobkowych /
_cKrystyna Macek-Kamińska.
260 _aOpole :
_bWSI,
_c1992.
300 _a90 s. :
_brys., wykr. ;
_c24 cm.
490 1 _aStudia i Monografie / Wyższa Szkoła Inżynierska w Opolu,
_x0239-5991 ;
_vz. 61
504 _aBibliogr. s. 81-87.
650 9 _aSilniki indukcyjne
650 9 _aModele matematyczne
_xstosowanie
710 _aWYŻSZA SZKOŁA INŻYNIERSKA (Opole)
830 0 _aStudia i Monografie (Wyższa Szkoła Inżynierska w Opolu) ;
_vz. 61
040 _cBPK
041 0 _apl
080 _a621.313:519.2
942 _cKS
008 s pl f |000 0 pol
999 _c30022
_d30022
856 _uhttp://koha.tu.koszalin.pl/cgi-bin/koha/opac-detail.pl?biblionumber=30022
_yKatalog online BPK